[Event "2016 PHCC Championships"]
[Site "Marysville"]
[Date "2016.02.26"]
[Round "7"]
[White "Rutkofske, Lonnie"]
[Black "Bedy, Noel"]
[Result "1-0"]
[WhiteElo "1800"]
[BlackElo "1421"]
[Annotator "Gregg,Alan {LWR}"]
[PlyCount "67"]
[EventDate "2016.02.26"]
[EventType "tourn"]
[EventRounds "9"]

1. c4 e5 {(Neither Noel nor I really prepared for this game, because of the host of different openings that I used against him. I did some very aggressive preparations in tactics training on the Chess.com website and engaged in over a 100 speed games to sharpen up for this contest reasoning that the English was my forte, and I should stick with what I know realizing it was going to probably end up a tactical struggle. -LWR} 2. g3 d6 3. Bg2 f5 4. d4 Nf6 5. Nh3 Be7 6. O-O O-O 7. Nc3 c6 8. d5 ({Relevant:} 8. b3 Na6 9. e4 exd4 10. Qxd4 Nxe4 11. Nxe4 fxe4 12. Ba3 Bf5 13. Rad1 Nc5 14. Bxc5 dxc5 15. Qe5 Qe8 16. Nf4 Bg5 17. Qxc5 Bxf4 18. gxf4 b6 19. Qe3 Qg6 20. Qg3 Rad8 21. Rfe1 Rd3 22. Qxg6 Bxg6 23. Rxd3 exd3 24. Bxc6 Rxf4 25. f3 Rd4 26. Rd1 d2 {½-½ (26) Lajthajm,B (2431)-Predojevic,B (2593) Goracici 2015}) 8... c5 $146 ({Predecessor (2):} 8... h6 9. f3 a5 10. Nf2 Na6 11. e4 Nc5 12. Be3 fxe4 13. fxe4 Qe8 14. Na4 Nxa4 15. Qxa4 b5 16. cxb5 cxb5 17. Qd1 Qg6 18. Rc1 h5 19. Rc7 Bd8 20. Rc6 h4 21. Rxd6 hxg3 22. hxg3 Be7 23. Rc6 Qxg3 24. Qf3 Qh4 25. Qd1 Ng4 26. Nxg4 Bxg4 27. Rxf8+ Rxf8 28. Qd2 Bh3 29. Rg6 Kh7 30. Bg5 Bc5+ 31. Be3 Kxg6 32. Bxc5 Rf4 {0-1 (32) Chaillot,A (2060)-Kambrath,Y (2184) Montigny le Bretonneux 2011}) 9. Ng5 Re8 10. Ne6 {(I realized that eventually I was going to lose the advanced e-pawn, but reasoned that if I could exchange off Black's knights, d5 would be an ideal post for a white knight and worth the pawn.-LWR)} Bxe6 11. dxe6 Nc6 12. Bd5 {Diagram [#] (I thought this was a crucial move and prevented Black from blockading the Bishop on g2. In activating my KB I didn't really have to fear for the safety of my K, since his QB was gone and I had the bulk of my pieces active in the game.-LWR} Rb8 13. Bg5 $2 {Diagram  A very critical position if black would have found the right sequence I believe he was better AG} Kh8 $2 {Diagram [#][After 14. Qd5 Black cannot capture on g5 because 15. d7+ wins Black's Q!]} (13... Nxd5 {Best} 14. Qxd5 Nb4 15. Bxe7 Nxd5 (15... Qxe7 16. Qf3 {(16.Qd2 seems better to me, then after Qe6 17. a3, Nc6.18.Nd5 or even Qd5 forcing the exchange of Queens with a complicated ending with Black having a perpetually backward d-pawn! - LWR)} Qxe6 17. Rad1) 16. Bxd8 Nxc3 17. Bc7 (17. bxc3 Rbxd8) (17. e7 Nxe2+ 18. Kg2 Nd4 (18... Rc8 19. Rad1 Nd4 20. Rd3) 19. Bc7 Rbc8 20. Bxd6) 17... Nxe2+ 18. Kg2 Rbc8 19. Bxd6 Rxe6 20. Rae1 Rxd6 21. Rxe2 Re8) 14. Bxf6 Bxf6 15. e3 Qe7 16. Rb1 Nd8 17. Qa4 a6 18. b4 cxb4 19. Rxb4 Nxe6 (19... e4 $11) 20. Bxe6 Qxe6 {(Notice that Black is very weak on the white squares while Black's bishop is relegated to a mere observer state.-LWR)} 21. Nd5 {Diagram [#] (Ah! Finally my goal in the opening was achieved. My knight remains virtually unassailable and is a constant thorn in Black's side, and additionally, with his K on h8, I was eventually going to gain a time as he had to create an escape square due to his back rank vulnerability, and that was going to be the edge I needed.- LWR)} Red8 22. Rfb1 Qd7 23. Qd1 {(23.Qb3 was probably shorter since I ended up there on two moves later, but my plan involved moving my b1 rook to b3 and then my Qb1 to create a very strong battery preparing for a break on b7 while keeping an eye out for possible recouping the f5 pawn later.-LWR)} e4 24. Rb6 $1 {Diagram [#] (For me this was the crucial move because it totally demobilized Black's army and the pressure would eventually take its toll.-LWR)} Be5 25. Qb3 Qc8 $2 (25... h5 26. Rxb7 Rxb7 27. Qxb7 Qxb7 28. Rxb7 Rc8) 26. Ne7 Qd7 {(Finally all those tactics quizzes paid off!-LWR)} 27. Nc6 $1 bxc6 28. Rxb8 h6 29. Rb7 {(Trading here would keep Black's hope of a draw alive and I wanted to make sure I eliminated a few more pawns to end that hope and keep his forces in disarray. - LWR)} Qe6 30. Qb6 Rc8 31. Qxa6 d5 32. cxd5 Qxd5 33. Re7 Bf6 $4 34. Qxc8+ 1-0

[Event "2016 PHCC Championships"]
[Site "Birchville Twp"]
[Date "2016.03.01"]
[Round "7"]
[White "Wingrove, William"]
[Black "Jones, G. Avery"]
[Result "0-1"]
[WhiteElo "1606"]
[BlackElo "1566"]
[PlyCount "104"]
[EventDate "2016.03.01"]
[EventType "tourn"]
[EventRounds "9"]

1. e4 c6 2. d4 d5 3. e5 Bf5 4. Nf3 e6 5. Be2 c5 6. Be3 Nc6 7. O-O Qb6 8. c4 Qxb2 9. Nbd2 Nge7 10. dxc5 d4 11. Bf4 d3 12. Re1 dxe2 13. Rxe2 Nd4 14. Nxd4 Qxd4 15. Be3 Qxe5 16. Nf3 Qc7 17. Qa4+ Nc6 18. Nd4 Bg6 19. Nb5 Qe5 20. Rd1 Rc8 21. Nd6+ Bxd6 22. cxd6 O-O 23. Red2 Bh5 24. Rb1 h6 25. Qa3 Qf6 26. Qc1 b6 27. c5 Qg6 28. Qf1 Ne5 29. Rdb2 Nf3+ 30. Kh1 bxc5 31. d7 Ra8 32. Bxc5 Rfd8 33. Rb7 Nd2 34. Qg1 Nxb1 35. Rxb1 Rxd7 36. f3 Rad8 37. g4 Qxb1 38. Qxb1 Rd1+ 39. Qxd1 Rxd1+ 40. Kg2 Bg6 41. Bxa7 Rd2+ 42. Kg3 Rxa2 43. Bc5 f5 44. h3 fxg4 45. hxg4 Rc2 46. Bd6 Rc3 47. Bf4 Be4 48. Kh4 g5+ 49. Bxg5 hxg5+ 50. Kxg5 Bxf3 51. Kf6 Bd5 52. Ke5 Kg7 0-1

[Event "2016 PHCC Championship"]
[Site "Port Huron"]
[Date "2016.03.03"]
[Round "8"]
[White "Boucher, David"]
[Black "Wilkinson, Stewart"]
[Result "1/2-1/2"]
[WhiteElo "1306"]
[BlackElo "1880"]
[Annotator "Gregg, Alan"]
[PlyCount "99"]
[EventDate "2016.03.03"]
[EventType "tourn"]
[EventRounds "9"]

1. e4 {Gregg,Alan} c5 2. d4 cxd4 3. c3 Nc6 4. Nf3 d5 5. exd5 Qxd5 6. cxd4 Bg4 7. Be2 (7. Nc3 {Gregg,Alan} Bxf3 8. Nxd5 Bxd1 9. Nc7+ Kd7 10. Nxa8 Bh5 11. d5 Nd4 12. Bf4) 7... e5 {'?' Gregg,Alan. Gregg,Alan: 'Diagram '} 8. Nc3 ({Relevant:} 8. dxe5 {Gregg,Alan} Bb4+ 9. Nc3 Qxd1+ 10. Bxd1 Nge7 11. O-O O-O 12. h3 Bxf3 13. Bxf3 Nxe5 14. Bxb7 Rab8 15. Be4 N7g6 16. Nd5 Rfc8 17. b3 a5 18. Bb2 Bf8 19. Rac1 Rxc1 20. Rxc1 a4 21. b4 f5 22. Bxf5 Bxb4 23. Be6+ Kf8 24. Nxb4 {1-0 (24) Manelis,V (2263)-Kostin,A (2303) Voronezh 2014}) 8... Bb4 9. O-O Bxc3 10. bxc3 e4 11. Re1 Nge7 12. Nd2 {'N' Gregg,Alan. Gregg,Alan: 'Diagram '} ({Predecessor:} 12. Ng5 {Gregg,Alan} Bxe2 13. Qxe2 f5 14. f3 exf3 15. Nxf3 Rc8 16. c4 Qd6 17. d5 Na5 18. Bf4 Qc5+ 19. Kh1 {1-0 (19) Tavares,S-Heaven,P Mexico 1981}) 12... Bf5 {'??' Gregg,Alan. Gregg,Alan: 'White Is now winning.'} (12... Bxe2 {Gregg,Alan} 13. Rxe2 f5) 13. Bc4 Qd8 14. Nxe4 O-O 15. Ba3 Re8 {'??' Gregg,Alan.} 16. Ng5 (16. Bxf7+ {Gregg,Alan} Kxf7 17. Nd6+ Kg6 18. g4 Qd7 19. gxf5+ Nxf5 20. Qg4+ Kf6 21. d5 h5 22. Nxe8+ Rxe8 23. dxc6 Qxc6 24. Qxh5 Rxe1+ 25. Rxe1) (16. Nd6 {Gregg,Alan} Rf8 17. Qb3 Na5 18. Bxf7+ Kh8 19. Qb2) 16... Bg6 17. Qb3 Rf8 18. Qxb7 Na5 19. Qxe7 Nxc4 {Gregg,Alan: 'Diagram '} 20. Qxd8 {'?' Gregg,Alan.} (20. Qxf8+ {Gregg,Alan} Qxf8 21. Bxf8 Kxf8) 20... Rfxd8 21. Bc5 h6 22. Nf3 Nb2 23. Re7 a6 24. Ne5 Na4 25. Nxg6 fxg6 26. Rc1 (26. Rb1 {Gregg,Alan} Nxc5 27. dxc5 Kf8 28. Re3) 26... Nxc5 27. dxc5 Rac8 28. Rce1 (28. Re5 {Gregg,Alan} Rd2 29. a4 Ra2 30. g3) 28... Rxc5 29. Re8+ Rxe8 30. Rxe8+ Kf7 31. Re3 Ra5 32. Re2 Ra3 33. Rc2 Ke6 34. Kf1 Kd5 35. c4+ Kc5 36. Ke2 g5 37. f3 h5 38. g3 g6 39. f4 gxf4 40. gxf4 Rh3 41. Kf1 Rf3+ 42. Rf2 Rxf2+ 43. Kxf2 Kxc4 44. Kg3 Kd4 45. Kh4 Ke4 46. Kg5 h4 47. Kg4 a5 48. a4 h3 49. Kg3 Ke3 50. Kxh3 1/2-1/2

[Event "2016 PHCC Championships"]
[Site "Port Huron"]
[Date "3.03.03"]
[Round "8"]
[White "Bedy, Noel"]
[Black "Morabito, Matthew"]
[Result "0-1"]
[WhiteElo "1421"]
[BlackElo "1859"]
[Annotator "Gregg,Alan"]
[PlyCount "54"]
[EventDate "2016.03.03"]
[EventType "tourn"]
[EventRounds "8"]

1. d4 Nf6 2. Nd2 g6 3. e4 d6 4. Ngf3 Bg7 5. c3 O-O 6. Bd3 c5 ({Relevant:} 6... Nc6 7. O-O e5 8. h3 Nh5 9. Nb3 h6 10. Re1 Qf6 11. Bf1 Rd8 12. d5 Nb8 13. g3 Qe7 14. c4 b6 15. Nh2 a5 16. Nd2 Na6 17. a3 Nc5 18. b3 Bd7 19. Rb1 Rf8 20. Rb2 Qe8 21. b4 Na4 22. Rc2 f5 23. exf5 gxf5 24. Ndf3 Qf7 25. Nh4 Nf6 26. Bd3 e4 27. Be2 axb4 28. axb4 Nh7 29. Bh5 Qf6 30. Ng6 Rfc8 31. Nf4 Ng5 32. h4 Nf7 33. Bxf7+ Qxf7 34. Nf1 Re8 35. Ne3 Be5 36. Neg2 {Aronian,L (2803)-Grischuk,A (2783) Beijing 2013 0-1 (95)}) 7. dxc5 dxc5 8. Qe2 Nc6 9. O-O Nh5 10. Nc4 $146 ({Predecessor:} 10. Bc2 e5 11. Nc4 Qe7 12. Re1 Be6 13. g3 Rad8 14. Ne3 h6 15. Nh4 Nf6 16. Kh1 Kh7 17. f3 b6 18. Rg1 Rfe8 19. g4 Kh8 20. Qg2 Nh7 21. Nhf5 Qf6 22. Nxg7 Kxg7 23. Rf1 Ng5 24. h4 Nh7 25. Qg3 Rh8 26. Rg1 Ne7 27. Qh3 Ng5 28. Qg3 Qxf3+ 29. Kh2 Qxg3+ 30. Kxg3 Nh7 31. Kf3 Nf6 32. Nf5+ Nxf5 33. gxf5 Bc8 34. Be3 Kh7 35. Raf1 gxf5 36. exf5 Bb7+ 37. Kg3 Rhg8+ 38. Kh3 Rxg1 39. Rxg1 Be4 {Van Gool,H (2164)-Oswald,H (2308) Germany 2010 0-1}) 10... b5 11. Ne3 $4 {Diagram  Black is now winning.} (11. Na3) 11... Nf4 12. Qc2 Qxd3 13. Qb3 Ne2+ 14. Kh1 Nxc1 15. Raxc1 Be6 16. Qa3 Qxe4 17. Qxc5 Ne5 18. Ng5 Qb7 19. Nxe6 fxe6 20. Rcd1 Rad8 21. Rb1 Nd3 22. Qg5 Rxf2 23. Rfd1 Rff8 24. Kg1 Qe4 25. Rd2 h6 26. Qg3 Be5 27. Qh3 Nf4 0-1

[Event "2016 PHCC Championships"]
[Site "Port Huron"]
[Date "2016.03.03"]
[Round "8"]
[White "Gregg, Alan"]
[Black "West, Tony"]
[Result "0-1"]
[WhiteElo "1981"]
[BlackElo "1934"]
[Annotator "Gregg,Alan"]
[PlyCount "120"]
[EventDate "2016.03.03"]
[EventType "tourn"]
[EventRounds "8"]

1. c4 f5 2. g3 Nf6 3. Bg2 e6 4. Nc3 c6 5. e4 fxe4 6. Nxe4 d5 7. Nxf6+ Qxf6 8. cxd5 exd5 9. Qh5+ g6 10. Qe2+ Be7 11. Qf3 O-O 12. Qxf6 Bxf6 13. Ne2 Bf5 14. d4 Re8 15. Be3 Na6 16. a3 Bd3 17. Nf4 Bc4 18. Kd2 Nc7 19. Rhd1 Nb5 20. Kc2 Nd6 21. b3 Ba6 22. Bh3 Kf7 23. Rac1 Ne4 24. Bg2 Rad8 25. Nd3 b6 26. Nb4 Bb7 27. Nd3 a5 28. Bxe4 Rxe4 29. Nf4 Be7 30. Kb2 Bf6 31. Kc2 Bc8 32. Ne2 Bf5 33. Kd2 c5 34. f3 Re7 35. Bf2 Bg5+ 36. f4 Bg4 37. Re1 Bf6 38. dxc5 Rde8 {Diagram } 39. Nc3 (39. Ng1 $11) 39... d4 40. Rxe7+ $4 (40. Nb5 Re2+ 41. Kd3 Bf5+ 42. Kc4 Be6+ 43. Kd3 $11) 40... Rxe7 41. Nd5 Re2+ 42. Kd3 Rxf2 43. Nxf6 Kxf6 44. cxb6 Rf3+ 45. Kxd4 Rxb3 46. Rc6+ Ke7 47. Rc5 a4 48. Ra5 Rxb6 49. Rxa4 Rb2 50. Ra7+ Bd7 51. g4 Rxh2 52. f5 gxf5 53. gxf5 Rd2+ 54. Ke5 Re2+ 55. Kf4 Rf2+ 56. Kg4 Kd6 57. Ra6+ Kd5 58. Kg3 Rxf5 59. a4 Rf7 60. a5 Bf5 0-1

[Event "2016 PHCC Championships"]
[Site "Port Huron"]
[Date "2016.03.03"]
[Round "8"]
[White "Heinrich, Chuck"]
[Black "Wingrove, William"]
[Result "0-1"]
[WhiteElo "619"]
[BlackElo "1606"]
[Annotator "Gregg,Alan"]
[PlyCount "48"]
[EventDate "2016.03.03"]
[EventType "tourn"]
[EventRounds "8"]

1. b3 c5 2. Bb2 Nc6 3. Nf3 Nf6 4. e3 d5 5. c4 e6 6. Be2 Be7 ({Relevant:} 6... d4 7. exd4 cxd4 8. d3 Bc5 9. O-O O-O 10. Nbd2 e5 11. a3 a5 12. Re1 h6 13. Bf1 Re8 14. g3 Bf5 15. Ne4 Nxe4 16. dxe4 Bg4 17. h3 Be6 18. Kg2 Qd7 19. Ng1 f5 20. Bd3 f4 21. Bc1 fxg3 22. fxg3 Rf8 23. Ra2 Rf7 24. Rf1 Raf8 25. Rxf7 Qxf7 26. Qe2 Bd6 27. Qf2 Qe7 28. Qe1 b6 29. Qe2 Nb8 30. Nf3 Qd7 31. Ng1 Na6 32. Ra1 Nc5 33. Rb1 a4 34. bxa4 Nxd3 35. Qxd3 Qxa4 36. Rxb6 {Lubbe,N (2461)-Smeets,J (2619) Netherlands 2014 0-1}) 7. d3 O-O 8. Na3 $146 ({Predecessor (32):} 8. a3 b6 9. O-O Bb7 10. Nbd2 Qc7 11. Rc1 Rad8 12. Rc2 dxc4 13. Nxc4 Nd7 14. Qa1 Bf6 15. d4 cxd4 16. exd4 Na5 17. Qc1 Nxb3 18. Qe3 Na5 19. Rfc1 Nxc4 20. Bxc4 Qb8 21. Ng5 Bxg5 22. Qxg5 h6 23. Qh4 Bd5 24. Bf1 Nf6 25. f3 Rc8 26. Qg3 Qxg3 27. hxg3 Rxc2 28. Rxc2 Rd8 29. Rc7 a5 30. Bd3 Ba8 31. Ra7 Nd5 32. g4 Bc6 33. Be4 Ra8 34. Bxd5 Bxd5 35. Rc7 Kf8 36. Kf2 Ke8 37. Ke3 Rb8 {Shengelia,D (2573)-Moser,E (2425) Austria 2011 ½-½}) 8... a6 9. Qd2 Qc7 10. O-O e5 11. cxd5 Nxd5 12. Nc4 f6 13. h3 Be6 14. Ne1 Rfd8 15. e4 Nf4 16. Rd1 Nxe2+ 17. Qxe2 Rd7 18. Ne3 Rad8 19. Bc3 Nd4 20. Bxd4 Rxd4 21. N3c2 (21. Nf3) 21... R4d7 22. Ne3 Qa5 23. Kh2 b5 24. f4 (24. Qc2) 24... exf4 0-1